Bibliografia sobre el Berguedà / coordinació tècnica i elaboració: Maribel Cuadrado Benítez, Esteve Perpinyà i Perpinyà ; treball de camp: Anna Comellas i Lladó ; direcció i assessorament: Daniel Montañà i Buchaca, Josep Rafart i Canals Maribel Cuadrado Benítez, Esteve Perpinyà i Perpinyà ; treball de camp:
ISBN:
84-930222-5-x
Descripción Física:
235 p. ; 23 cm
Colección:
L'Escambell. Biblioteca ; 24
Otros Autores:
Cuadrado Benítez, Maribel, coord
,
Perpinyà i Perpinyà, Esteve, coord
,
Comellas Lladó, Anna I
,
Montañà Buchaca, Daniel, dir
,
Rafart i Canals, Josep, dir
,
Centre d'Estudis de l'Associació Cultural El Vilatà del Berguedà
Materias:
Berguedà -- Bibliografia
MARC
| LEADER | 00000nam a2200000Ia 4500 | ||
|---|---|---|---|
| 001 | 21315 | ||
| 008 | 160829s2001 xx 000 0 cat d | ||
| 020 | |a 84-930222-5-x | ||
| 080 | |a A-2-349 | ||
| 245 | |a Bibliografia sobre el Berguedà / coordinació tècnica i elaboració: |b Maribel Cuadrado Benítez, Esteve Perpinyà i Perpinyà ; treball de camp: |b Anna Comellas i Lladó ; direcció i assessorament: |b Daniel Montañà i Buchaca, Josep Rafart i Canals | ||
| 260 | |a Gironella : |b Centre d'Estudis de l'Associació Cultural El Vilatà del Berguedà, |c 2001 | ||
| 300 | |a 235 p. ; |c 23 cm | ||
| 490 | |a L'Escambell. Biblioteca ; 24 | ||
| 650 | |a Berguedà |x Bibliografia |9 43264 | ||
| 700 | |a Cuadrado Benítez, Maribel, coord. |9 43265 | ||
| 700 | |a Perpinyà i Perpinyà, Esteve, coord. |9 43266 | ||
| 700 | |a Comellas Lladó, Anna I |9 43267 | ||
| 700 | |a Montañà Buchaca, Daniel, dir. |9 43268 | ||
| 700 | |a Rafart i Canals, Josep, dir. |9 43269 | ||
| 700 | |a Centre d'Estudis de l'Associació Cultural El Vilatà del Berguedà |9 43270 | ||
| 901 | |a Arxiu | ||
| 942 | |n 1 | ||
| 952 | |0 0 |1 0 |4 0 |6 A2349 |7 1 |9 51307 |a Arxiu |b Arxiu |d 2016-12-01 |l 0 |o A-2-349 |p 21315 |r 2016-12-01 00:00:00 |w 2016-12-01 |y ARXIU | ||
| 999 | |c 55151 |d 55151 | ||